Представление документа в формате MARC21

Поле Инд. ПП Название Значение
Тип записи a
Библиографический уровень b
001 Контрольный номер RU/IS/BASE/269101888
005 Дата корректировки 20201116093301.7
008 Кодируемые данные 20080711
040 b Код языка каталог. rus
e Правила каталог. PSBO
041 0_ a Код языка текста rus
084 a Индекс другой классификации/Индекс ББК 85.133(2)5
100 1_ a Автор Шатских А.
q Полное имя Шатских Александра
245 10 a Заглавие Триумф и трагедия
c Ответственность фотографии А. Викторова, И. Хилько
520 0_ a Аннотация Жизненный и творческий путь скульптора С.Д. Эрьзи (Нефедова)
600 14 a Персоналии Эрьзя (Нефедов) Степан Дмитриевич
650 04 a Основная рубрика изобразительное искусство
a Основная рубрика искусство
a Основная рубрика история изобразительного искусства
a Основная рубрика скульптура
653 0_ a Ключевые слова XIX век
a Ключевые слова XX век
a Ключевые слова деревянная скульптура
a Ключевые слова история скульптуры
a Ключевые слова мрамор
a Ключевые слова портретная скульптура
a Ключевые слова религиозная тематика
a Ключевые слова Россия
700 1_ a Автор Викторов А.
e Роль лиц фотограф
700 1_ a Автор Хилько И.
e Роль лиц фотограф
773 08 t Заглавие источника Наше наследие
d Дата издания источника 1991
g Прочая информация № 5(23). - С. 38 - 46 : ил.
w Контрольный № источника RU/IS/BASE/179596151
901 t Тип документа b